[Event "Tata Steel-A 79th"]
[Site "Wijk aan Zee"]
[Date "2017.01.25"]
[Round "10"]
[White "Harikrishna, Pentala"]
[Black "Carlsen, Magnus"]
[Result "1/2-1/2"]
[WhiteElo "2766"]
[BlackElo "2840"]
[Annotator "ChessBase II"]
[PlyCount "73"]
[EventDate "2017.01.14"]
[EventType "tourn"]
[EventRounds "13"]
[EventCountry "NED"]
[EventCategory "21"]
[SourceTitle "CBM 177"]
[Source "ChessBase"]
[SourceDate "2017.03.16"]
[SourceVersion "1"]
[SourceVersionDate "2017.03.16"]
[SourceQuality "1"]
[TimeControl "40/6000+30:20/3000+30:900+30"]

1. e4 {[%emt 0:00:00]} e5 {[%emt 0:00:04]} 2. Nf3 {[%emt 0:00:00]} Nc6 {[%emt 0:00:04]} 3. Nc3 {[%emt 0:00:00]} Nf6 {[%emt 0:00:12]} 4. Bb5 {[%emt 0:00:00]} Bd6 {[%emt 0:00:43]} 5. d3 {[%emt 0:00:31]} O-O {[%emt 0:03:20]} 6. O-O {[%emt 0:06:32]} (6. a3 Re8 7. g4 Bc5 8. Rg1 d5 9. g5 Ng4 10. Rg2 Nxf2 11. Rxf2 Bxf2+ 12. Kxf2 d4 13. Ne2 Qd6 14. Ng3 Bg4 15. Qh1 Rf8 16. Bc4 Ne7 17. h3 Be6 18. Nh4 Bxc4 19. dxc4 f6 20. Nhf5 Nxf5 21. exf5 fxg5 22. Bxg5 c6 23. Re1 d3 24. cxd3 Qxd3 25. Qe4 Qb3 26. Re2 Rae8 27. Kg2 Rf7 28. Rd2 Ref8 29. h4 b5 30. cxb5 cxb5 31. Qxe5 h6 32. Be3 Rc8 33. Nh5 Rc2 34. f6 Rxd2+ 35. Bxd2 Qd3 {Naiditsch,A (2687)-Malakhov,V (2713) Doha 2016 1-0 (73)}) 6... h6 {[%emt 0:01:49]} 7. a3 {[%emt 0:00:21]} Re8 {[%emt 0:00:59]} 8. h3 {[%emt 0:02:07]} Bc5 {[%emt 0:08:08]} 9. Be3 {[%emt 0:05:39]} Nd4 {[%emt 0:03:55]} 10. Bc4 {[%emt 0:03:08]} c6 {[%emt 0:02:43]} 11. Re1 $146 {[%emt 0:07:29]} (11. Bxd4 exd4 12. Ne2 d5 13. exd5 Nxd5 14. Re1 Nf6 15. Qd2 Be6 16. Bxe6 Rxe6 17. Ng3 Rxe1+ 18. Rxe1 Qd7 19. Qf4 Nd5 20. Qe5 f6 21. Qe4 Nc7 22. Qf5 Qxf5 23. Nxf5 Rd8 24. b4 Bf8 25. N5xd4 c5 26. bxc5 Bxc5 27. Nb3 Bxa3 28. Ra1 Nb5 29. Na5 Bf8 30. Nxb7 Rb8 31. Na5 Nc3 32. Nc4 Bc5 33. Kf1 f5 34. g3 f4 35. gxf4 Nd5 36. d4 Bf8 37. f5 Nf4 38. h4 Rb4 39. Ne3 a5 40. c4 a4 {Acs,P (2567)-Hera,I (2564) Hungary 2013 ½-½ (74)}) ({RR} 11. Bxd4 exd4 12. Ne2 d5 13. exd5 Nxd5 14. Re1 Nf6 15. Qd2 Be6 16. Bxe6 Rxe6 17. Ng3 Rxe1+ 18. Rxe1 Qd7 19. Qf4 Nd5 20. Qe5 f6 21. Qe4 Nc7 22. Qf5 Qxf5 23. Nxf5 Rd8 24. b4 Bf8 25. N5xd4 c5 {Acs,P (2567)-Hera,I (2564) Hungary 2013 ½-½ (74)}) 11... Nxf3+ {[%emt 0:03:15]} 12. Qxf3 {[%emt 0:00:06]} Bxe3 {[%emt 0:00:06]} 13. fxe3 {[%emt 0:01:16]} b5 {[%emt 0:01:15]} 14. Ba2 {[%emt 0:00:12]} a5 {[%emt 0:01:33]} 15. Ne2 {[%emt 0:08:01]} d6 {[%emt 0:09:33]} 16. Ng3 {[%emt 0:03:14]} Be6 {[%emt 0:05:16]} 17. Rf1 {[%emt 0:05:34]} d5 {[%emt 0:01:59]} 18. Rf2 {[%emt 0:05:40]} Ra7 {[%emt 0:05:48]} 19. exd5 {[%emt 0:03:18]} cxd5 {[%emt 0:00:16]} 20. Nf5 {[%emt 0:03:12]} Kh7 {[%emt 0:08:06]} 21. Qg3 {[%emt 0:07:10]} Bxf5 {[%emt 0:12:53]} 22. Rxf5 {[%emt 0:00:06]} Rc7 {[%emt 0:00:07]} 23. c3 {[%emt 0:05:10]} b4 {[%emt 0:05:39]} 24. cxb4 {[%emt 0:01:03]} axb4 {[%emt 0:00:05]} 25. a4 {[%emt 0:01:33]} b3 {[%emt 0:03:29]} 26. Bxb3 {[%emt 0:00:11]} Qb8 {[%emt 0:00:23]} 27. Ra3 {[%emt 0:02:53]} e4 {[%emt 0:01:26]} 28. Kh2 {[%emt 0:04:19]} exd3 {[%emt 0:06:35]} 29. Bxd5 {[%emt 0:00:39]} d2 {[%emt 0:01:02]} 30. Rd3 {[%emt 0:07:55]} Rc2 {[%emt 0:15:11]} 31. Qxb8 {[%emt 0:04:20]} Rxb8 {[%emt 0:00:01]} 32. b3 {[%emt 0:01:22]} Nxd5 {[%emt 0:00:24]} 33. Rfxd5 {[%emt 0:00:11]} d1=Q {[%emt 0:00:06]} 34. Rxd1 {[%emt 0:00:05]} Rxb3 {[%emt 0:00:10]} 35. R5d2 {[%emt 0:03:11]} Rxd2 {[%emt 0:00:07]} 36. Rxd2 {[%emt 0:00:04]} Ra3 {[%emt 0:00:07]} 37. Kg1 {[%emt 0:00:23]} 1/2-1/2

[Event "Tata Steel-A 79th"]
[Site "Wijk aan Zee"]
[Date "2017.01.27"]
[Round "11"]
[White "Carlsen, Magnus"]
[Black "Adhiban, Baskaran"]
[Result "1/2-1/2"]
[WhiteElo "2840"]
[BlackElo "2653"]
[Annotator "ChessBase II"]
[PlyCount "98"]
[EventDate "2017.01.14"]
[EventType "tourn"]
[EventRounds "13"]
[EventCountry "NED"]
[EventCategory "21"]
[SourceTitle "CBM 177"]
[Source "ChessBase"]
[SourceDate "2017.03.16"]
[SourceVersion "1"]
[SourceVersionDate "2017.03.16"]
[SourceQuality "1"]
[TimeControl "40/6000+30:20/3000+30:900+30"]

1. e4 {[%emt 0:00:55]} d5 {[%emt 0:00:05]} 2. exd5 {[%emt 0:00:05]} Nf6 {[%emt 0:00:04]} 3. Nf3 {[%emt 0:01:47]} Nxd5 {[%emt 0:00:11]} 4. d4 {[%emt 0:02:00]} Bg4 {[%emt 0:00:06]} 5. h3 {[%emt 0:01:35]} Bh5 {[%emt 0:01:38]} 6. Be2 {[%emt 0:00:56]} Nc6 {[%emt 0:00:10]} 7. O-O {[%emt 0:03:49]} e6 {[%emt 0:00:09]} 8. c3 {[%emt 0:07:53]} (8. c4 Nf6 9. Nc3 Be7 10. Be3 O-O 11. Qd2 Bg6 12. Bd3 Bxd3 13. Qxd3 Nb4 14. Qe2 c6 15. a3 Na6 16. b4 Nc7 17. Rab1 Qc8 18. Rfc1 a5 19. Ne5 axb4 20. axb4 Ra3 21. Qb2 Ra8 22. Qb3 Nd7 23. Na4 Rb8 24. Bf4 Nxe5 25. Bxe5 f6 26. Nb6 Qd8 27. Bxc7 Qxc7 28. c5 Bd8 29. Qxe6+ Qf7 30. Qxf7+ Rxf7 31. Nc4 Rd7 32. b5 cxb5 33. Nd6 b6 34. Rxb5 Bc7 35. Nf5 bxc5 36. Rxb8+ Bxb8 37. dxc5 Bf4 {Gdanski,J (2542)-Pakleza,Z (2509) Katowice 2010 1-0 (65)}) ({RR} 8. c4 Nf6 9. Nc3 Be7 10. Be3 O-O 11. Qd2 Bg6 12. Bd3 Bxd3 13. Qxd3 Nb4 14. Qe2 c6 15. a3 Na6 16. b4 Nc7 17. Rab1 Qc8 18. Rfc1 a5 19. Ne5 axb4 20. axb4 Ra3 21. Qb2 Ra8 22. Qb3 Nd7) 8... Be7 {[%emt 0:07:39]} 9. Ne5 {[%emt 0:01:31]} ({RR} 9. Nbd2 O-O 10. Ne4 Bg6 11. Ng3 ({RR} 11. Ng3 Bd6 12. Re1 Re8 13. Bb5 Nde7 14. Ne4 a6 15. Ba4 b5 16. Bc2 Nd5 17. Bg5 Qd7 18. Nh4 Bxe4 19. Bxe4 h6 20. Bxh6 gxh6 21. Qg4+ Kf8 22. Bxd5 h5 23. Bxc6 Qxc6 24. Qxh5 Qd5 25. Qxd5 exd5) 11... Bd6 12. Re1 Re8 13. Bb5 Nde7 14. Ne4 a6 15. Ba4 b5 16. Bc2 Nd5 17. Bg5 Qd7 18. Nh4 Bxe4 19. Bxe4 h6 20. Bxh6 gxh6 21. Qg4+ Kf8 22. Bxd5 h5 23. Bxc6 Qxc6 {Nepomniachtchi,I (2755)-Pakleza,Z (2483) chess.com INT 2024 1-0 (40)}) ({RR} 9. Nbd2 O-O 10. Ne4 Bg6 11. Bd3 Re8 ({RR} 11... Qd7 12. Qe2 Rad8 13. a3 e5 14. Ng3 exd4 15. Bxg6 hxg6 16. cxd4 Bf6 17. Rd1 Rfe8 18. Ne4 Nce7 19. b4 Nf5 20. Bb2 Nd6 21. Ne5 Qf5 22. Re1 Nxe4 23. Qxe4 Qxe4 24. Rxe4 Bg5 25. Ree1 f6 26. Nd3) 12. Re1 a6 13. a4 h6 14. Bd2 Bf8 15. Qc2 Rb8 16. Re2 Bh5 17. g4 Bg6 18. Rae1 b5 19. axb5 axb5 20. b4 Qc8 21. Ng3 Bxd3 22. Qxd3 Bd6 23. g5 Nf4 {Dau Khuong Duy (2489)-Pakleza,Z (2494) chess.com INT 2025 1-0 (40)}) 9... Nxe5 {[%emt 0:14:28]} 10. Bxh5 {[%emt 0:00:08]} Ng6 {[%emt 0:00:02]} 11. Qb3 $146 {[%emt 0:09:58]} (11. Bf3 c6 12. Re1 O-O 13. Nd2 Qc7 14. Nc4 Rad8 15. Qe2 Bf6 16. g3 Nb6 17. Ne3 Be7 18. h4 c5 19. h5 cxd4 20. hxg6 dxe3 21. gxf7+ Rxf7 22. Bxe3 Kh8 23. Be4 g6 24. Qg4 Bc5 25. Qxe6 Rdf8 26. Bd4+ Bxd4 27. cxd4 Rxf2 28. Qe5+ Qxe5 29. dxe5 Rxb2 30. Bxb7 Nc8 31. Reb1 Re2 32. Rf1 Re8 33. Bc6 Rd8 34. Rae1 Rxe1 35. Rxe1 Ne7 36. Ba4 Rd2 37. Bb3 h5 38. Re4 Kg7 39. g4 hxg4 40. Rxg4 Re2 {Vospernik,M-Karaklajic,N Zagreb 1961 ½-½}) ({RR} 11. f4 Qd7 12. Qb3 c5 13. Be2 O-O 14. Bb5 Qd6 15. f5 Nh4 16. Bc4 Qg3 17. Bxd5 exd5 18. Qxd5 Bd6 19. f6 Rfe8 20. Bf4 Bxf4 21. Rxf4 Re1+ 22. Rf1 Qe3+ 23. Kh2 Rxf1 24. Qe5 Nf3+ 25. gxf3 Qg1# {Poorna,S (1493)-Abirama Srinithi,G (1583) Saravanampatty 2017 0-1}) ({RR} 11. Bf3 c6 12. Re1 O-O 13. Nd2 Qc7 14. Nc4 Rad8 15. Qe2 Bf6 16. g3 Nb6 17. Ne3 Be7 18. h4 c5 19. h5 cxd4 20. hxg6 dxe3 21. gxf7+ Rxf7 22. Bxe3 Kh8 23. Be4 g6 24. Qg4 Bc5 25. Qxe6 Rdf8) 11... Rb8 {[%emt 0:08:29]} 12. c4 {[%emt 0:09:09]} Nf6 {[%emt 0:02:20]} 13. Bxg6 {[%emt 0:00:46]} hxg6 {[%emt 0:00:04]} 14. Qa4+ {[%emt 0:00:05]} c6 {[%emt 0:17:56]} 15. Qxa7 {[%emt 0:00:10]} Bd6 {[%emt 0:00:20]} 16. Nc3 {[%emt 0:02:29]} Bc7 {[%emt 0:00:34]} 17. Rd1 {[%emt 0:04:49]} Qd6 {[%emt 0:06:40]} 18. g3 {[%emt 0:00:40]} Qd7 {[%emt 0:03:11]} 19. h4 {[%emt 0:00:40]} O-O {[%emt 0:02:34]} 20. Qc5 {[%emt 0:03:37]} b5 {[%emt 0:05:03]} 21. cxb5 {[%emt 0:11:02]} cxb5 {[%emt 0:00:04]} 22. a3 {[%emt 0:01:02]} Rfc8 {[%emt 0:03:36]} 23. Qg5 {[%emt 0:00:27]} b4 {[%emt 0:00:28]} 24. axb4 {[%emt 0:02:01]} Rxb4 {[%emt 0:00:01]} 25. Qd2 {[%emt 0:12:37]} Bb6 {[%emt 0:02:43]} 26. Ne2 {[%emt 0:00:20]} Rbc4 {[%emt 0:00:25]} 27. Qd3 {[%emt 0:01:41]} e5 {[%emt 0:06:43]} 28. Bg5 {[%emt 0:00:39]} Ng4 {[%emt 0:03:31]} 29. Rac1 {[%emt 0:04:42]} Rxc1 {[%emt 0:00:39]} 30. Rxc1 {[%emt 0:00:03]} Re8 {[%emt 0:02:39]} 31. Rd1 {[%emt 0:09:46]} exd4 {[%emt 0:04:23]} 32. Bf4 {[%emt 0:00:02]} Nf6 {[%emt 0:00:47]} 33. Nc1 {[%emt 0:01:24]} Nd5 {[%emt 0:08:04]} 34. Bd2 {[%emt 0:01:55]} Qc6 {[%emt 0:00:12]} 35. Ne2 {[%emt 0:01:09]} Qf6 {[%emt 0:05:26]} 36. Rc1 {[%emt 0:01:00]} Qf5 {[%emt 0:01:09]} 37. Qxf5 {[%emt 0:05:05]} gxf5 {[%emt 0:00:02]} 38. Kf1 {[%emt 0:00:08]} d3 {[%emt 0:00:20]} 39. Nc3 {[%emt 0:00:17]} Nxc3 {[%emt 0:03:28]} 40. Rxc3 {[%emt 0:00:00]} Bd4 {[%emt 0:01:00]} 41. Rb3 {[%emt 0:01:00]} g6 {[%emt 0:03:40]} 42. f3 {[%emt 0:01:12]} Be5 {[%emt 0:06:43]} 43. g4 {[%emt 0:01:03]} fxg4 {[%emt 0:01:27]} 44. fxg4 {[%emt 0:00:02]} Bf6 {[%emt 0:00:48]} 45. h5 {[%emt 0:00:28]} gxh5 {[%emt 0:01:29]} 46. gxh5 {[%emt 0:00:01]} Re5 {[%emt 0:02:37]} 47. h6 {[%emt 0:00:46]} Kh7 {[%emt 0:00:25]} 48. Rxd3 {[%emt 0:01:08]} Rf5+ {[%emt 0:00:04]} 49. Ke2 {[%emt 0:00:05]} Bxb2 {[%emt 0:00:04]} 1/2-1/2

[Event "Grenke Chess Classic 4th"]
[Site "Karlsruhe/Baden-Baden"]
[Date "2017.04.17"]
[Round "3"]
[White "Hou, Yifan"]
[Black "Carlsen, Magnus"]
[Result "1/2-1/2"]
[WhiteElo "2649"]
[BlackElo "2838"]
[Annotator "Moradiabadi,Elshan"]
[PlyCount "75"]
[EventDate "2017.04.15"]
[EventType "tourn"]
[EventRounds "7"]
[EventCountry "GER"]
[EventCategory "20"]
[SourceTitle "CBM 178"]
[Source "ChessBase"]
[SourceDate "2017.05.14"]
[SourceVersion "1"]
[SourceVersionDate "2017.05.14"]
[SourceQuality "1"]
[TimeControl "60"]

1. e4 {[%emt 0:00:00] Chessbase - Stockfish 17} c5 {[%emt 0:00:07]} 2. Nf3 {[%emt 0:00:00]} d6 {[%emt 0:00:00]} 3. d4 {[%emt 0:00:01]} cxd4 {[%emt 0:00:07]} 4. Nxd4 {[%emt 0:00:04]} Nf6 {[%emt 0:00:08]} 5. Nc3 {[%emt 0:00:05]} a6 {[%emt 0:00:09]} 6. a4 {[%emt 0:05:20] A choice of Carlsen himself.} e5 {[%emt 0:03:25]} 7. Nf3 {[%emt 0:00:07]} Be7 {[%emt 0:00:06]} 8. Bg5 {[%emt 0:01:52] Less ambitious but more solid!} Be6 {[%emt 0:00:00]} 9. Bxf6 {[%emt 0:01:19]} Bxf6 {[%emt 0:00:23]} 10. Nd5 {[%emt 0:00:05]} Nd7 {[%emt 0:00:16]} 11. Bc4 {[%emt 0:00:50]} Rc8 {[%emt 0:00:52]} 12. Qe2 {[%emt 0:06:14]} Nb6 {[%emt 0:15:06] The World Champion spent a lot of time here. I am sure he knew the right continuation but was unhappy with the course of the game which has let White dry up the position.} 13. Nxf6+ {[%emt 0:08:57]} Qxf6 {[%emt 0:01:44]} 14. Bxe6 {[%emt 0:00:07]} Qxe6 {[%emt 0:00:14]} 15. O-O {[%emt 0:00:48]} (15. b3 O-O 16. Rd1 Rc6 {1/2-1/2 (16) Svidler,P (2739)-Grischuk,A (2746) Khanty-Mansiysk 2011}) ({RR} 15. b3 O-O 16. Rd1 d5 17. a5 dxe4 18. Qxe4 Nd7 19. Ng5 Qh6 20. Rxd7 Qxg5 21. O-O Rc5 22. b4 Rc3 23. Rxb7 Rfc8 24. Qd5 Qf6 25. Rb6 Qe7 26. Rxa6 Qxb4 27. Rb6 Qd4 28. Qxd4 exd4 29. a6 Ra3 {Hou,Y (2658)-Munkhzul,T (2278) Chess.com INT 2020 1-0 (31)}) 15... O-O {[%emt 0:18:40]} 16. Rfd1 {[%emt 0:05:39]} Rc6 {[%emt 0:06:59]} 17. a5 $146 {[%emt 0:18:39] Finally a new move after a long think by the World Women's number one.} ({RR} 17. b3 Nd7 18. Rd2 Nf6 ({RR} 18... Rfc8 19. Rad1 Qe7 20. g3 Nc5 21. Rd5 b5 22. axb5 axb5 23. h4 h6 24. h5 Qf6 25. R1d2 b4 26. Nh4 Ne6 27. Nf5 Nd4 28. Nxd4 exd4 29. Rb5 Rc3 30. Rxb4 d3 31. cxd3 Rc1+ 32. Kh2 Rb1 33. Rc4) 19. Rad1 Qg4 ({RR} 19... Rfc8) ({RR} 19... Rd8) 20. Rxd6 Rxd6 21. Rxd6 Nxe4 22. h3 Qf4 23. g3 ({RR} 23. Rd7 b5 24. axb5 axb5 25. g3 Qc1+ 26. Kg2 Nf6 27. Rd1 Qb2 28. Nxe5 Re8) 23... Qc1+ 24. Qd1 Qxd1+ 25. Rxd1 f6 26. a5 Rc8 27. c4 Rc7 28. Kf1 Kf7 29. Rc1 Nc5 30. Rb1 Nd3 31. Nd2 Nb4 {Nguyen,T (2668)-L'Ami,E (2614) Wijk aan Zee 2025 [Chessbase - Stockfish 17] ½-½ (37)}) ({RR} 17. b3 Nd7 18. Rd2 Rfc8 19. Rad1 Qe7 20. g3 Nc5 21. Rd5 b5 22. axb5 axb5 23. h4 h6 24. h5 Qf6 25. R1d2 b4 26. Nh4 Ne6 27. Nf5 Nd4 28. Nxd4 exd4 29. Rb5 Rc3 30. Rxb4 d3 31. cxd3 Rc1+ {Ivanchuk,V (2611)-Donchenko,A (2633) Sant Ferran de ses Roques ESP 2024 ½-½ (54)}) 17... Nd7 {[%emt 0:00:15]} 18. b3 {[%emt 0:00:08]} Rfc8 {[%emt 0:03:14]} 19. Rd2 {[%emt 0:07:35]} Nc5 {[%emt 0:07:45]} 20. Rad1 {[%emt 0:12:17]} Qe7 {[%emt 0:01:06]} 21. Qe3 {[%emt 0:00:25]} g6 {[%emt 0:07:16]} 22. g3 {[%emt 0:02:33] The position is balanced but unlike most of the cases, it is Carlsen who does not have the patience to wait.} b5 $6 {[%emt 0:02:05] Played after just a short thinking since Black needs to save time as Carlsen spent a lot of time early on in the game.} (22... Ne6 23. c4 Rb8 {and now b6 where Black compensates for his weaknesses by attacking b3.}) 23. axb6 {[%emt 0:00:14]} Rxb6 {[%emt 0:00:02]} 24. Rd5 {[%emt 0:05:39]} Rcc6 $6 {[%emt 0:16:20] A strange square for the rook.} (24... Rbc6 25. Nd2 Ne6 26. Nc4 Nd4 27. c3 Nxb3 28. Nxd6 Rf8 29. c4 Nd4 30. c5 {is not fun to play but is better than what Carlsen did.}) 25. Nd2 $1 {[%emt 0:03:59]} Nb7 {[%emt 0:00:00]} 26. Nc4 {[%emt 0:01:40]} Rb5 {[%emt 0:00:02]} 27. Qa7 $1 $16 {[%emt 0:00:00] Excellent play by Hou Yifan, Black is completely tied up!} Qc7 {[%emt 0:00:00]} 28. Rxb5 $2 {[%emt 0:12:11] A pity. Hou Yifan concedes a draw precisely when she had the World Champion on the ropes!} (28. h4 h5 29. Ra1 Rb4 $1 30. Rd2 $1 {An excellent prophylactic move.} ({Rushing to take the pawn with} 30. Rxa6 {would let Black confuse the issue with the strong exchange sacrifice} Rcxc4 $1 31. bxc4 Rb1+ 32. Kh2 $1 {The reason this is the best move will be clear in an instant:} Qxc4 33. Ra1 {Now it is understood. If the king had been on g2, Black could have struck with ...f1+, but now there is no such killer blow. Therefore} Rxa1 34. Qxa1 Qxc2 35. Kg1 Nc5 36. Rxd6 Nxe4 37. Rd8+ Kh7 38. Qa7 Qb3 {with good winning chances but it is not clear how winning this position is... if at all.}) 30... a5 31. Ne3 Nc5 32. Qxc7 Rxc7 33. Rxd6 Nxe4 34. Rd5 f6 35. Raxa5 Rd4 36. Kg2 {and I believe Carlsen would be first in line to play this position!}) 28... axb5 {[%emt 0:00:29]} 29. Nxd6 {[%emt 0:00:10] And now the draw is inevitable.} Nxd6 {[%emt 0:00:39]} 30. Qxc7 {[%emt 0:00:05]} Rxc7 {[%emt 0:00:12]} 31. Rxd6 {[%emt 0:00:04]} Rxc2 {[%emt 0:00:00]} 32. Rd5 {[%emt 0:00:08]} Re2 {[%emt 0:00:47]} 33. Rxe5 {[%emt 0:00:25]} b4 {[%emt 0:00:10]} 34. Rb5 {[%emt 0:00:41]} Rxe4 {[%emt 0:00:05]} 35. Kg2 {[%emt 0:00:12]} Rd4 {[%emt 0:00:19]} 36. Kf1 {[%emt 0:00:19]} Re4 {[%emt 0:00:00]} 37. Kg2 {[%emt 0:00:30]} Rd4 {[%emt 0:00:06]} 38. Kf1 {[%emt 0:00:06]} 1/2-1/2

[Event "Grenke Chess Classic 4th"]
[Site "Karlsruhe/Baden-Baden"]
[Date "2017.04.19"]
[Round "4"]
[White "Carlsen, Magnus"]
[Black "Caruana, Fabiano"]
[Result "1/2-1/2"]
[WhiteElo "2838"]
[BlackElo "2817"]
[Annotator "Silver,Albert Winston"]
[PlyCount "79"]
[EventDate "2017.04.15"]
[EventType "tourn"]
[EventRounds "7"]
[EventCountry "GER"]
[EventCategory "20"]
[SourceTitle "CBM 178"]
[Source "ChessBase"]
[SourceDate "2017.05.14"]
[SourceVersion "1"]
[SourceVersionDate "2017.05.14"]
[SourceQuality "1"]

1. e4 e5 2. Nf3 Nf6 3. Nxe5 d6 4. Nf3 Nxe4 5. d3 Nf6 6. d4 d5 7. Bd3 Bd6 8. Qe2+ Be6 (8... Qe7 9. Qxe7+ Kxe7 10. O-O Re8 11. Re1+ Kf8 12. Rxe8+ Kxe8 13. Nc3 c6 14. Bd2 h6 15. Re1+ Kf8 16. Ne5 Nbd7 17. f4 Nb6 {1-0 (58) Carlsen,M (2838)-Akobian,V (2645) chess.com INT 2017}) 9. c4 dxc4 10. Bxc4 Qe7 11. O-O O-O 12. Nc3 h6 $146 (12... Re8 13. Bd2 Nc6 14. Rfe1 Qd7 15. Bxe6 Rxe6 16. Qb5 {1/2-1/2 (42) Taksrud,V (2091)-Cerveny, L (2144) ICCF email 2011}) 13. d5 Bg4 14. Qxe7 Bxe7 15. Nb5 $146 ({RR} 15. Bf4 Bxf3 16. gxf3 Bd6 17. Bxd6 cxd6 18. Nb5 Ne8 19. Rfe1 a6 20. Nd4 Nd7 21. Re7 Nef6 22. Nf5 Rfe8 23. Rxe8+ Nxe8 24. Bb3 Nb6 25. Re1 Kf8 26. Re4 a5 27. Kg2 h5 28. Ne3 Rc8 29. Nc4 Nxc4 {Travadon,L (2441)-Nguyen,T (2548) Radenci 2019 0-1 (58)}) 15... Nbd7 16. Re1 Bc5 17. Bb3 (17. Nxc7 $2 {is wrong:} Rac8 18. Ne6 (18. Bf4 $2 Bxf3 19. gxf3 Nh5 $17) 18... fxe6 19. dxe6 Nb6 20. e7+ Nxc4 $17) 17... Rac8 18. Bf4 Bxf3 19. gxf3 {The position is equal.} a6 20. Nxc7 {This might seem unplayable, but both players had seen it was, and knew where it was leading.} Nh5 {The obvious continuation.} 21. Ne6 $1 Nxf4 ({Obviously not} 21... fxe6 $6 22. dxe6 Ndf6 23. e7+ Rf7 24. Rad1 $1 $16 {and the threat of d8 serves as protection of the hanging bishop on f4.}) 22. Nxf4 Bd6 23. Nd3 Nc5 24. Nxc5 Rxc5 25. Rac1 Rxc1 26. Rxc1 $11 {It is pretty easy to guess that this endgame has no hope of coming to life, and after 15 more moves they shook hands.} Re8 27. Ba4 Rd8 28. Kg2 Kf8 29. Re1 g6 30. h3 Kg7 31. Re8 Rxe8 32. Bxe8 Kf6 33. Bd7 a5 34. a4 b6 35. b3 Ke7 36. Bc6 Kf6 37. Be8 Ke7 38. Bc6 Kf6 39. Be8 Ke7 40. Bc6 1/2-1/2

[Event "Grenke Chess Classic 4th"]
[Site "Karlsruhe/Baden-Baden"]
[Date "2017.04.22"]
[Round "7"]
[White "Carlsen, Magnus"]
[Black "Vachier Lagrave, Maxime"]
[Result "1/2-1/2"]
[WhiteElo "2838"]
[BlackElo "2803"]
[PlyCount "118"]
[EventDate "2017.04.15"]
[EventType "tourn"]
[EventRounds "7"]
[EventCountry "GER"]
[EventCategory "20"]
[SourceTitle "CBM 178"]
[Source "ChessBase"]
[SourceDate "2017.05.14"]
[SourceVersion "1"]
[SourceVersionDate "2017.05.14"]
[SourceQuality "1"]

1. e4 c5 2. Nf3 d6 3. d4 cxd4 4. Nxd4 Nf6 5. Nc3 a6 6. Be2 e5 7. Nb3 Be7 8. Be3 Be6 9. Qd3 Nbd7 10. Nd5 O-O 11. O-O Bxd5 12. exd5 Ne8 13. a4 Bg5 14. a5 Bxe3 ({RR} 14... Rc8 15. c4 Bxe3 16. Qxe3 f5 17. Nd2 Nef6 18. f3 Nh5 19. b4 Rf6 20. Rfc1 Rg6 21. Bf1 Qe7 22. Nb3 Qh4 23. Qe1 Qf4 24. Kh1 Rh6 25. Rc3 Ng3+ 26. Kg1 Nxf1 27. Qxf1 Qxh2+ 28. Kf2 e4 29. Qg1 {Kiryakov,M (1895)-Gavrilin,R (2148) Montreal CAN 2025 0-1 (36)}) 15. Qxe3 Nef6 16. c4 Rb8 $146 ({RR} 16... Qc7 17. Nd2 Rfb8 18. b4 b6 19. axb6 Rxb6 20. Ra4 Rab8 21. Qa3 Qb7 22. Rb1 Nc5 23. bxc5 Rxb1+ 24. Nxb1 Qxb1+ 25. Bf1 Ne4 26. Rxa6 Qc2 27. Qe3 g6 28. f3 Nd2 29. Qd3 Qc1 30. cxd6 Rb1 31. h3 {Horvath,A (2482)-Seyb,A (2388) Biograd 2018 ½-½ (38)}) 17. Rfb1 Qc7 18. Nd2 b6 19. Nb3 Nc5 20. axb6 Rxb6 21. Nxc5 dxc5 22. b4 Rfb8 23. Rd1 Rxb4 24. Rxa6 Rb3 25. Qg5 h6 26. Qf5 Qc8 27. Qxc8+ Rxc8 28. Rc6 Rbb8 29. Bd3 e4 30. Bc2 Rxc6 31. dxc6 Rc8 32. Ba4 Kf8 33. Bb5 Ke7 34. Ra1 Ng4 35. Ra7+ Ke6 36. f3 exf3 37. gxf3 Ne5 38. f4 Nf3+ 39. Kf2 Nd4 40. Ke3 g6 41. Ke4 Nxc6 42. Ra6 f5+ 43. Kf3 Kd6 44. h4 h5 45. Ke3 Rc7 46. Kd2 Rc8 47. Kc3 Rc7 48. Kb3 Rc8 49. Ka4 Rc7 50. Rb6 Rc8 51. Ba6 Rb8 52. Bb7 Ke7 53. Rxc6 Rxb7 54. Rxc5 Rb1 55. Rd5 Rh1 56. c5 Rxh4 57. c6 Rxf4+ 58. Kb3 Rf1 59. Kb2 Rf2+ 1/2-1/2

[Event "Norway Chess 5th"]
[Site "Stavanger"]
[Date "2017.06.06"]
[Round "1"]
[White "Carlsen, Magnus"]
[Black "So, Wesley"]
[Result "1/2-1/2"]
[WhiteElo "2832"]
[BlackElo "2812"]
[PlyCount "125"]
[EventDate "2017.06.06"]
[EventType "tourn"]
[EventRounds "9"]
[EventCountry "NOR"]
[EventCategory "22"]
[SourceTitle "CBM 179"]
[Source "ChessBase"]
[SourceDate "2017.07.12"]
[SourceVersion "1"]
[SourceVersionDate "2017.07.12"]
[SourceQuality "1"]

1. e4 e5 2. Nf3 Nc6 3. Bc4 Bc5 4. O-O Nf6 5. d3 O-O 6. h3 d6 7. c3 a6 8. a4 Be6 9. Bxe6 fxe6 10. b4 Ba7 11. Be3 Bxe3 12. fxe3 Ne7 13. Nbd2 Ng6 14. d4 Qe7 15. Qb3 Kh8 16. b5 $146 axb5 17. axb5 exd4 18. cxd4 e5 19. Rxa8 Rxa8 20. Rc1 exd4 21. exd4 Nxe4 22. Nxe4 Qxe4 23. Rxc7 Rf8 24. Qc2 Qd5 25. Qc4 Qxc4 26. Rxc4 Kg8 27. b6 h6 28. Nd2 Nf4 29. Rc7 Rf7 30. Nc4 Nd5 31. Rc8+ Rf8 32. Rxf8+ Kxf8 33. Nxd6 Nxb6 34. Nxb7 Ke7 35. Kf2 Ke6 36. Ke3 Kd5 37. Na5 Na4 38. Nb3 Nb2 39. Nd2 Nd1+ 40. Ke2 Nb2 41. Nb3 Kc4 42. Nc5 Kxd4 43. Ne6+ Ke4 44. Nxg7 Nc4 45. Kf2 Kf4 46. g3+ Ke4 47. g4 Kf4 48. Nh5+ Kg5 49. Kg3 Ne5 50. Nf4 Kf6 51. Kh4 Ng6+ 52. Kg3 Nxf4 53. Kxf4 Kg6 54. h4 Kf6 55. Kf3 Kf7 56. Ke3 Ke7 57. Kd3 Kd7 58. Kc4 Ke6 59. Kd4 Kd6 60. Ke4 Ke6 61. Kf4 Kf6 62. Ke4 Ke6 63. Kf4 1/2-1/2